ARRUPE JESUIT UNIVERSITY

CORONAVIRUS -STOP THE SPREAD - CLEAN,DISINFECT,COVER

The Apostolic Fathers : (Record no. 118489)

MARC details
000 -LEADER
fixed length control field 01305cam a22003134a 4500
001 - CONTROL NUMBER
control field 11780404
003 - CONTROL NUMBER IDENTIFIER
control field ARRUPE
005 - DATE AND TIME OF LATEST TRANSACTION
control field 20140729020004.0
008 - FIXED-LENGTH DATA ELEMENTS--GENERAL INFORMATION
fixed length control field 990824s1999 miuab b 001 0 eng
010 ## - LIBRARY OF CONGRESS CONTROL NUMBER
LC control number 99046353
020 ## - INTERNATIONAL STANDARD BOOK NUMBER
International Standard Book Number 0801022258 (pbk.)
040 ## - CATALOGING SOURCE
Original cataloging agency DLC
Transcribing agency DLC
Modifying agency DLC
041 1# - LANGUAGE CODE
Language code of text/sound track or separate title enggrc
Language code of original and/or intermediate translations of text grc
042 ## - AUTHENTICATION CODE
Authentication code pcc
050 00 - LIBRARY OF CONGRESS CALL NUMBER
Classification number BR60
Item number .A62 1999
300 ## - PHYSICAL DESCRIPTION
Other physical details ill., maps ;
Dimensions 22 cm.
100 ## - MAIN ENTRY--PERSONAL NAME
Personal name Holmes, Michael W
9 (RLIN) 3130
130 0# - MAIN ENTRY--UNIFORM TITLE
Uniform title Apostolic Fathers (Early Christian collection).
Language of a work English & Greek.
9 (RLIN) 3131
245 14 - TITLE STATEMENT
Title The Apostolic Fathers :
Remainder of title Greek texts and English translations /
Statement of responsibility, etc edited and revised by Michael W. Holmes.
250 ## - EDITION STATEMENT
Edition statement Updated ed.
260 ## - PUBLICATION, DISTRIBUTION, ETC. (IMPRINT)
Place of publication, distribution, etc Grand Rapids, Mich. :
Name of publisher, distributor, etc Baker Books,
Date of publication, distribution, etc 1999.
300 ## - PHYSICAL DESCRIPTION
Extent xv, 609 p. :
504 ## - BIBLIOGRAPHY, ETC. NOTE
Bibliography, etc Includes bibliographical references and indexes.
546 ## - LANGUAGE NOTE
Language note Text in English and Greek.
650 #0 - SUBJECT ADDED ENTRY--TOPICAL TERM
Topical term or geographic name as entry element Christian literature, Early
General subdivision Greek authors.
9 (RLIN) 3132
700 1# - ADDED ENTRY--PERSONAL NAME
Personal name Holmes, Michael W.
Fuller form of name (Michael William),
Dates associated with a name 1950-
9 (RLIN) 3133
906 ## - LOCAL DATA ELEMENT F, LDF (RLIN)
a 7
b cbc
c orignew
d 1
e ocip
f 19
g y-gencatlg
942 ## - ADDED ENTRY ELEMENTS (KOHA)
Source of classification or shelving scheme Library of Congress Classification
Koha item type Monograph ( Printed materials)
Koha issues (borrowed), all copies 1
Holdings
Withdrawn status Lost status Source of classification or shelving scheme Damaged status Not for loan Collection code Home library Current library Shelving location Date acquired Total Checkouts Full call number Barcode Date last seen Date checked out Price effective from Koha item type
    Library of Congress Classification     Main Collection ARRUPE LIBRARY ARRUPE LIBRARY Main Collection 04/11/2013 2 BR60 .A62 1999 46410541 11/05/2017 23/11/2016 04/11/2013 Monograph ( Printed materials)

 

Arrupe Library. PO Box MP320 Mt Pleasant, Harare, Zimbabwe
263 242 745411|librarian@aju.ac.zw